Countries of South America - Speed Test - Statistics

General Stats
  • This quiz has been taken 141 times
  • The average score is 9 of 12
Answers on the Map
Answers color-coded by a green-red scale on the quiz's map according to % correct below.
 
Answer Stats
Country % Correct
Paraguay
80%
Bolivia
79%
Brazil
79%
Guyana
77%
Ecuador
73%
Uruguay
73%
Chile
71%
Colombia
71%
Argentina
70%
Suriname
68%
Venezuela
68%
Peru
57%
No matching quizzes found
Score Distribution
Percent of People with Each Score
Percentile by Number Answered
Your Score History
You have not taken this quiz